Pays organisateurs des grands événements sportifs (années en xxx0) - Statistiques

Statistiques générales
  • Ce quiz a été pris 119 fois
  • Le résultat moyen est 10 sur 15
Statistiques - réponses
Compétition Pays organisateur % Correct
Coupe du Monde 2010 Afrique du Sud
86%
Jeux Olympiques 1900 France
84%
Coupe du Monde 1930 Uruguay
83%
Jeux Olympiques 2020 Japon
82%
Jeux Olympiques 2000 Australie
76%
Coupe du Monde 1950 Brésil
72%
Euro 2000 Belgique et Pays-Bas
66%
Coupe du Monde 1990 Italie
66%
Coupe du Monde 1970 Mexique
59%
Euro 2020 Europe
58%
Jeux Olympiques 1980 Union soviétique
55%
Jeux olympiques 1920 Belgique
51%
Euro 1960 France
49%
Euro 1980 Italie
45%
Jeux Olympiques 1960 Italie
44%
Aucun quiz correspondant
Distribution des résultats
% des personnes avec chaque résultat
Percentile par nombre de réponses
Votre historique - résultats
Vous n’avez pas pris ce quiz